Pharmacotherapy Principles & Practice (Record no. 5816)

MARC details
000 -LEADER
fixed length control field 00602nam a22002177a 4500
003 - CONTROL NUMBER IDENTIFIER
control field OSt
005 - DATE AND TIME OF LATEST TRANSACTION
control field 20170407130142.0
008 - FIXED-LENGTH DATA ELEMENTS--GENERAL INFORMATION
fixed length control field 170407b xxu||||| |||| 00| 0 eng d
020 ## - INTERNATIONAL STANDARD BOOK NUMBER
International Standard Book Number 9780071621809
020 ## - INTERNATIONAL STANDARD BOOK NUMBER
International Standard Book Number 0071621806
040 ## - CATALOGING SOURCE
Transcribing agency DMLN
082 ## - DEWEY DECIMAL CLASSIFICATION NUMBER
Classification number WB330 P494m 2010
100 ## - MAIN ENTRY--PERSONAL NAME
Personal name Editors Chisholm-burns, Marie A. [et...al]
9 (RLIN) 12080
245 ## - TITLE STATEMENT
Title Pharmacotherapy Principles & Practice
250 ## - EDITION STATEMENT
Edition statement 2nd ed.
260 ## - PUBLICATION, DISTRIBUTION, ETC. (IMPRINT)
Place of publication, distribution, etc. New York; Mcgraw-hill, 2010
300 ## - PHYSICAL DESCRIPTION
Extent xxxiv,1869p; col.ill: 28cm
504 ## - BIBLIOGRAPHY, ETC. NOTE
Bibliography, etc Appendices, & index included
650 ## - SUBJECT ADDED ENTRY--TOPICAL TERM
Topical term or geographic name as entry element Pharmacotherapy
9 (RLIN) 12081
942 ## - ADDED ENTRY ELEMENTS (KOHA)
Source of classification or shelving scheme Other/Generic Classification Scheme
Koha item type Short Loan
Holdings
Withdrawn status Lost status Source of classification or shelving scheme Damaged status Not for loan Home library Current library Date acquired Source of acquisition Inventory number Total Checkouts Full call number Barcode Date last seen Koha item type
    Other/Generic Classification Scheme     Pharmacy Department Library Pharmacy Department Library 07/04/2017   11/00187   WB330 P494m 2010 2017-0759 07/04/2017 Short Loan
    Other/Generic Classification Scheme     Pharmacy Department Library Pharmacy Department Library 07/04/2017   11/00189   WB330 P494m 2010 2017-0760 07/04/2017 Short Loan